000 00653nam a2200229 a 4500
005 20210219153507.0
008 991125n 000 0 eng u
035 _aUPN01000102758
100 _aDickie, L. O.
222 _aPHYSICS TEACHER
245 _aThe transition from high school to college : an impedance mismatch?
300 _a440-445
362 _a1991 29, no. 7
653 0 _aCAMBIO DE ACTITUD
653 0 _aCARACTERISTICAS DEL ESTUDIANTE
653 0 _aESTUDIANTES DEL CENTRO DE ENSE\197ANZA
653 0 _aESTUDIANTES EN EL COLEGIO
653 0 _aFISICA
700 _aFarrell, J. E.
904 _aAC
_b040569
905 _aArticulo
999 _c78343
_d78343